000 00592nam a2200205 i 4500
001 25345
003 ES-MaACL
005 20230906153237.0
007 t|
008 021224s1961 sp ||||1| spa d
100 1 _aArmas, S.
_922924
245 1 0 _aTrabajos de albañileria /
_cpor S. Armas...
250 _a3ª ed.
260 _aBarcelona :
_bJuan Bruguer,
_c1961.
300 _a216 p. :
_bil. ;
_c22 cm.
490 1 _aBiblioteca práctica de construcción
830 0 _aBiblioteca práctica de construcción
_9180967
852 _aES-MaACL
_jC-20092
_bR.48169
999 _c25345
_d25345